| 000 | 00850cam a2200265 a 4500 | ||
|---|---|---|---|
| 001 | 2109121 | ||
| 005 | 20250203082553.0 | ||
| 008 | 961119s1997 pauaf b 001 0 eng | ||
| 020 | _a9780721640242 | ||
| 050 | 0 | 0 |
_aQR185.5 _b.A23 1997 |
| 082 | 0 | 0 |
_a616.07/9 _221 |
| 100 | 1 | _aAbbas, Abul K. | |
| 245 | 1 | 0 |
_aCellular and molecular immunology / _cAbul K. Abbas, Andrew H. Lichtman, Jordan S. Pober. |
| 250 | _a3rd ed. | ||
| 260 |
_aPhiladelphia : _bW. B. Saunders Company, _cc1997. |
||
| 300 |
_axii, 494 p., 8 p. of plates : _bill. (some col.) ; _c28 cm. |
||
| 440 | 0 | _aSaunders text and review series | |
| 650 | 0 | _aCellular immunity. | |
| 650 | 0 | _aMolecular immunology. | |
| 650 | 1 | 2 | _aImmunity, Cellular. |
| 650 | 2 | 2 |
_aLymphocytes _ximmunology. |
| 700 | 1 | _aLichtman, Andrew H. | |
| 700 | 1 | _aPober, Jordan S. | |
| 942 |
_2lcc _cBK _e3rd ed. _n0 |
||
| 999 |
_c3378 _d3378 |
||